| 000 | 00459 a2200133 4500 | ||
|---|---|---|---|
| 001 | 87670 | ||
| 082 | _aPR 47 | ||
| 090 |
_c41129 _d41129 |
||
| 100 | _aMuhammad Arshad, Plt Off 15497, 70(B) EC | ||
| 245 | _aDesign, development and fabrication of a general purpose voltage current (VI) tracker | ||
| 260 |
_aRisalpur _bCAE, PAF Academy Risalpur _c2011 |
||
| 300 |
_aviii, 50p. _eAli Javed Hashmi, Sqn Ldr ; Mansoor Ahsan, Sqn Ldr |
||
| 500 | _aBE Project Reports | ||
| 942 |
_aCAE NUST _kPR 47 |
||
| 999 |
_c322743 _d322743 |
||